000
00333nam a22001457a 4500
003
OSt
008
250514b |||||||| |||| 00| 0 eng d
100
_a
SWAMI, Mahatama Narayan
245
_a
Mritu Or Parlok
250
_a
22th
260
_a
New Delhi
_b
Arya Prakashan
_c
2022
300
_a
220
650
_a
General
942
_2
ddc
_c
BK
999
_c
13577
_d
13577